You can change your destiny. (Record no. 14176)

000 -LEADER
fixed length control field 00893nam a2200229 a 4500
001 - CONTROL NUMBER
control field :::00012000$&:&@@
003 - CONTROL NUMBER IDENTIFIER
control field OkBaRHE
005 - DATE AND TIME OF LATEST TRANSACTION
control field 20000607103415.0
008 - FIXED-LENGTH DATA ELEMENTS--GENERAL INFORMATION
fixed length control field s1978 j 000 0 eng u
040 ## - CATALOGING SOURCE
Transcribing agency
100 1# - MAIN ENTRY--PERSONAL NAME
Personal name Osteen, John.
245 10 - TITLE STATEMENT
Title You can change your destiny.
260 ## - PUBLICATION, DISTRIBUTION, ETC. (IMPRINT)
Place of publication, distribution, etc Houston, TX., :
Name of publisher, distributor, etc John Osteen Publications
Date of publication, distribution, etc c1978
300 ## - PHYSICAL DESCRIPTION
Extent 64 p. ;
Dimensions 18 cm.
650 ## - SUBJECT ADDED ENTRY--TOPICAL TERM
Topical term or geographic name as entry element Christian Life
650 ## - SUBJECT ADDED ENTRY--TOPICAL TERM
Topical term or geographic name as entry element Pentecostalism
942 ## - ADDED ENTRY ELEMENTS (KOHA)
Source of classification or shelving scheme
Koha item type Books
Copies
Full call number Source of classification or shelving scheme Copy number Koha item type Shelving location Barcode Date acquired Price effective from Withdrawn status Lost status Permanent Location Date last seen Damaged status Not for loan
BX 8764 .O75Y6 1BooksGeneral Stacks120002010-04-142010-04-14  RHEMA Bible Training College2010-04-14  
BX 8764 .O75Y6 2BooksGeneral Stacks149902010-04-142010-04-14  RHEMA Bible Training College2010-04-14  
BX 8764 .O75Y6 3BooksGeneral Stacks149912010-04-142010-04-14  RHEMA Bible Training College2010-04-14  
BX 8764 .O75Y6 4BooksGeneral Stacks206632010-04-142010-04-14  RHEMA Bible Training College2010-04-14